LEADER 00974cam0-2200313---450- 001 990004189160403321 005 20160524122512.0 010 $a3-515-04507-4 035 $a000418916 035 $aFED01000418916 035 $a(Aleph)000418916FED01 035 $a000418916 100 $a19990604d1985----km-y0itay50------ba 101 0 $ager 102 $aDE 105 $a--------001yy 200 1 $aComputative Graphematik$eDokumentation eines Programmsystems zur Schreibsprachlichen Analyse historischer Texte$fvon Gerhard Köller 210 $aStuttgart$cSteiner$d1985 215 $aIX, 151 p.$d24 cm 225 1 $aZeitschrift für Dialektologie und Linguistik$iBeihefte$v48 610 0 $aLingua tedesca$aOrtografia$aComputer 676 $a431.52$v22$zita 700 1$aKoller,$bGerhard$0164011 801 0$aIT$bUNINA$gRICA$2UNIMARC 901 $aBK 912 $a990004189160403321 952 $a431.52 KOL 1$bDip.f.m.2820$fFLFBC 959 $aFLFBC 997 $aUNINA LEADER 01376nam--2200373---450- 001 990002230680203316 005 20041201174453.0 035 $a000223068 035 $aUSA01000223068 035 $a(ALEPH)000223068USA01 035 $a000223068 100 $a20041201d1971----km-y0itay0103----ba 101 0 $aita 102 $aIT 105 $a||||||||001yy 200 1 $a<>assicurazione obbligatoria della responsabilità civile da circolazione a veicoli a motore nel quadro della sicurezza sociale$fCarlo Lega 210 $aMilano$cGiuffrè$d1971 215 $a77 p.$d22 cm 225 2 $a<> quaderni de La rivista italiana di previdenza sociale$v48 300 $aIn appendice: la Legge 24 dicembre 1969, n. 990; il DPR 24 novembre 1970, n. 973 410 0$12001$a<> quaderni de La rivista italiana di previdenza sociale$v48 454 1$12001 461 1$1001-------$12001 606 0 $aAssicurazioni di responsabilità civile$xAutoveicoli 676 $a368 700 1$aLEGA,$bCarlo$0227483 801 0$aIT$bsalbc$gISBD 912 $a990002230680203316 951 $aColl. AAA 48$b39216 G.$cColl. AAA 959 $aBK 969 $aGIU 979 $aSIAV4$b10$c20041201$lUSA01$h1744 996 $aAssicurazione obbligatoria della responsabilita civile da circolazione a veicoli a motore nel quadro della sicurezza sociale$9750246 997 $aUNISA